| 000 -LEADER |
| fixed length control field |
02943mam a22003974a 4500 |
| 001 - CONTROL NUMBER |
| control field |
3337523 |
| 003 - CONTROL NUMBER IDENTIFIER |
| control field |
OSt |
| 005 - DATE AND TIME OF LATEST TRANSACTION |
| control field |
20180117090006.0 |
| 008 - FIXED-LENGTH DATA ELEMENTS--GENERAL INFORMATION |
| fixed length control field |
020201s2002 dcua b 000 0 eng |
| 010 ## - LIBRARY OF CONGRESS CONTROL NUMBER |
| LC control number |
2002018416 |
| 020 ## - INTERNATIONAL STANDARD BOOK NUMBER |
| International Standard Book Number |
1574884948 (cloth : alk. paper) |
| 020 ## - INTERNATIONAL STANDARD BOOK NUMBER |
| International Standard Book Number |
1574884956 (pbk. : alk. paper) |
| 035 ## - SYSTEM CONTROL NUMBER |
| System control number |
(OCoLC)ocm48964875 |
| 035 ## - SYSTEM CONTROL NUMBER |
| System control number |
(NNC)3337523 |
| 040 ## - CATALOGING SOURCE |
| Original cataloging agency |
DLC |
| Transcribing agency |
DLC |
| Modifying agency |
C#P |
| -- |
OrLoB-B |
| 042 ## - AUTHENTICATION CODE |
| Authentication code |
pcc |
| 050 00 - LIBRARY OF CONGRESS CALL NUMBER |
| Classification number |
TK9145 |
| Item number |
.N8297 2002 |
| 082 00 - DEWEY DECIMAL CLASSIFICATION NUMBER |
| Classification number |
327.1/747 |
| Edition number |
21 |
| 245 00 - TITLE STATEMENT |
| Title |
Nuclear power and the spread of nuclear weapons : |
| Remainder of title |
can we have one without the other? / |
| Statement of responsibility, etc. |
edited by Paul L. Leventhal, Sharon Tanzer, and Steven Dolley ; foreword by Edward J. Markey. |
| 250 ## - EDITION STATEMENT |
| Edition statement |
1st ed. |
| 260 ## - PUBLICATION, DISTRIBUTION, ETC. |
| Place of publication, distribution, etc. |
Washington, D.C. : |
| Name of publisher, distributor, etc. |
Brassey's, |
| Date of publication, distribution, etc. |
c2002. |
| 300 ## - PHYSICAL DESCRIPTION |
| Extent |
xxv, 340 p. : |
| Other physical details |
ill. ; |
| Dimensions |
24 cm. |
| 504 ## - BIBLIOGRAPHY, ETC. NOTE |
| Bibliography, etc. note |
Includes bibliographical references (p. [313]-332). |
| 505 00 - FORMATTED CONTENTS NOTE |
| Title |
Foreword / |
| Statement of responsibility |
Edward J. Markey -- |
| Title |
Preface / |
| Statement of responsibility |
Paul L. Leventhal -- |
| Miscellaneous information |
1. |
| Title |
Introduction: Nuclear Power without Proliferation? / |
| Statement of responsibility |
Paul L. Leventhal -- |
| Miscellaneous information |
2. |
| Title |
Rapporteur's Summary of the Nuclear Control Institute Twentieth Anniversary Conference / |
| Statement of responsibility |
Steven Dolley -- |
| Miscellaneous information |
3. |
| Title |
Nuclear Power and Nuclear Weapons Proliferation / |
| Statement of responsibility |
Robert L. Gallucci -- |
| Miscellaneous information |
4. |
| Title |
Nuclear Power and Proliferation / |
| Statement of responsibility |
Richard Rhodes -- |
| Miscellaneous information |
5. |
| Title |
Why Nuclear Power's Failure in the Marketplace Is Irreversible (Fortunately for Nonproliferation and Climate Protection) / |
| Statement of responsibility |
Amory B. Lovins -- |
| Miscellaneous information |
6. |
| Title |
Nuclear and Alternative Energy Supply Options for an Environmentally Constrained World: A Long-term Perspective / |
| Statement of responsibility |
Robert H. Williams -- |
| Miscellaneous information |
7. |
| Title |
A World with, or without, Nuclear Power? / |
| Statement of responsibility |
Richard L. Garwin -- |
| Miscellaneous information |
8. |
| Title |
Attempts to Reduce the Proliferation Risks of Nuclear Power: Past and Current Initiatives / |
| Statement of responsibility |
Marvin Miller -- |
| Miscellaneous information |
9. |
| Title |
Technical Opportunities for Increasing Proliferation Resistance of Nuclear Power Systems (TOPS) Task Force / |
| Statement of responsibility |
James A. Hassberger -- |
| 505 80 - FORMATTED CONTENTS NOTE |
| Miscellaneous information |
10. |
| Title |
The Limits of Technical Fixes / |
| Statement of responsibility |
Edwin S. Lyman -- |
| Miscellaneous information |
11. |
| Title |
Overview of Nuclear Power and Nuclear Weapons / |
| Statement of responsibility |
Zachary S. Davis -- |
| Miscellaneous information |
12. |
| Title |
Nuclear Power and Nuclear Weapons in India, Pakistan, and Iran / |
| Statement of responsibility |
George Perkovich -- |
| Miscellaneous information |
13. |
| Title |
The Nonproliferation Regime and Fissile Materials / |
| Statement of responsibility |
Lawrence Scheinman -- |
| Miscellaneous information |
14. |
| Title |
Closing Thoughts on Nonproliferation: The Need for Rigor / |
| Statement of responsibility |
Paul L. Leventhal -- |
| Miscellaneous information |
15. |
| Title |
An Industrialist's View / |
| Statement of responsibility |
Bertram Wolfe -- |
| Miscellaneous information |
16. |
| Title |
An Arms Controller's View / |
| Statement of responsibility |
Harold A. Feiveson -- |
| Miscellaneous information |
17. |
| Title |
A Historian's View / |
| Statement of responsibility |
William Lanouette. |
| 650 #0 - SUBJECT ADDED ENTRY--TOPICAL TERM |
| Topical term or geographic name entry element |
Nuclear engineering |
| General subdivision |
International cooperation. |
| 650 #0 - SUBJECT ADDED ENTRY--TOPICAL TERM |
| Topical term or geographic name entry element |
Technology transfer. |
| 650 #0 - SUBJECT ADDED ENTRY--TOPICAL TERM |
| Topical term or geographic name entry element |
Nuclear weapons. |
| 650 #0 - SUBJECT ADDED ENTRY--TOPICAL TERM |
| Topical term or geographic name entry element |
Nuclear nonproliferation. |
| 700 1# - ADDED ENTRY--PERSONAL NAME |
| Personal name |
Leventhal, Paul. |
| 700 1# - ADDED ENTRY--PERSONAL NAME |
| Personal name |
Tanzer, Sharon, |
| Dates associated with a name |
1941- |
| 700 1# - ADDED ENTRY--PERSONAL NAME |
| Personal name |
Dolley, Steven. |
| 900 ## - EQUIVALENCE OR CROSS-REFERENCE-PERSONAL NAME [LOCAL, CANADA] |
| Numeration |
TOC |
| 942 ## - ADDED ENTRY ELEMENTS (KOHA) |
| Source of classification or shelving scheme |
|
| Koha item type |
Book |